Tvorba a realizácia jazykovej politiky Európskej únie dizertačná práca

Guardado en:
Detalles Bibliográficos
Autor principal: Ondrušová, Terézia, 1978-
Autor Corporativo: Ekonomická univerzita v Bratislave. Fakulta medzinárodných vzťahov
Otros Autores: Tóth, Ľudovít
Formato: Libro
Lenguaje:eslovaco
Publicado: Bratislava 2010
Materias:
Etiquetas: Agregar Etiqueta
Sin Etiquetas, Sea el primero en etiquetar este registro!

MARC

LEADER 00000nam a2200000 4500
001 0123826
005 20240502072410.7
041 0 |a slo 
044 |a SK 
245 1 0 |a Tvorba a realizácia jazykovej politiky Európskej únie  |b dizertačná práca  |c Terézia Ondrušová ; škol. Ľudovít Tóth 
264 1 |a Bratislava  |c 2010 
300 |a 144 s. 
610 2 0 |a vzťahy medzinárodné 
610 2 0 |a Európska únia 
610 2 0 |a politika 
610 2 0 |a jazyky cudzie 
610 2 0 |a komunikácia 
100 1 |a Ondrušová, Terézia, 1978- 
700 1 |a Tóth, Ľudovít 
710 2 |a Ekonomická univerzita v Bratislave. Fakulta medzinárodných vzťahov